Capitales con el nombre del propio país - Estadísticas

Estadísticas generales
  • Esta prueba ha sido intentada 18 veces
    5 desde el último reinicio
  • La puntuación promedio es 6 de 12
Estadísticas de respuestas
Capital/País % Correcto
Ciudad de México
100%
Andorra la Vieja
75%
Ciudad del Vaticano
75%
San Marino
75%
Ciudad de Guatemala
50%
Ciudad de Panamá
50%
Yibuti
50%
Kuwait
25%
Luxemburgo
25%
Mónaco
25%
Singapur
25%
Túnez
25%
No se encontraron pruebas coincidentes
Distribución de puntuación
Porcentaje de gente con cada puntuación
Porcentaje por número respondido
Historial de tus puntuaciones
No has intentado esta prueba desde el último reinicio